| 000 | 00704nam a2200229 a 4500 | ||
|---|---|---|---|
| 001 | BRL_849 | ||
| 005 | 20190320210925.0 | ||
| 008 | 181013s1977----u--a######---#000-0#eng-# | ||
| 020 | _a0140045007 | ||
| 050 | 4 |
_aNK806 _b.L57 1977 |
|
| 100 | 1 |
_aLipman, Jean _d1909-1998 _925126 |
|
| 245 | 1 | 0 |
_aThe flowering of American folk art, 1776-1876 _cJean Lipman and Alice Winchester. |
| 260 |
_aNew York _bPenguin Books _c1977 |
||
| 300 |
_a288 p. _bil. _c27 cm. |
||
| 500 | _aAu986 | ||
| 504 | _aBibliografía: p. 284-287 | ||
| 650 | 1 | 4 |
_aArte popular _zEstados Unidos _925127 |
| 650 | 1 | 4 |
_aPrimitivismo en el arte _zEstados Unidos _925128 |
| 700 | 1 |
_aWinchester, Alice _925129 |
|
| 902 | _aGRL | ||
| 942 |
_2lcc _cB |
||
| 999 |
_c9661 _d9661 |
||